| 000 | 00497cam a2200169ua 4500 | ||
|---|---|---|---|
| 020 | _c138.00 | ||
| 041 |
_aeng _h |
||
| 082 |
_a304.62 _bBEL/PO |
||
| 100 | _aBelshaw, Herace . | ||
| 245 |
_aPopulation growth and levels of consumption : with special reference to countries in Asia / _cHerace Belshaw. _hTextual Documents |
||
| 260 |
_aLondon : _bGeorge Allen & Unwin Ltd , _c1960. |
||
| 300 |
_a223 : _b` ; . |
||
| 365 | _a138.00 | ||
| 504 | _a | ||
| 942 | _cBK | ||
| 999 |
_c1745 _d1745 |
||